| 000 | 00898nam a2200277 a 4500 | ||
|---|---|---|---|
| 008 | |||
| 020 | _a0781732603 (hbk.) | ||
| 049 | _aMAIN | ||
| 090 |
_aRD27.35 _bQUA. |
||
| 245 | 1 | 0 |
_aQuality and cost in neurological surgery / _cedited by Mark E. Lenskey and Michael J. Rutigliano. |
| 260 |
_aPhiladephia: _bLippincot Williams and Wilkins, _c2001. |
||
| 300 |
_axiv, 442 p. : _bill.: _c26 cm. |
||
| 440 |
_aConcepts in Neurosurgery; _vno. 10 |
||
| 500 | _aIncludes index. | ||
| 504 | _aIncludes bibliographical references. | ||
| 650 | 1 | _aPractice of Surgery. | |
| 650 | _aNeurology. | ||
| 650 |
_aQuality management. _bHealth Care. |
||
| 700 | _aLinskey, Mark. E. | ||
| 700 | _aRutigliano, Michael. J. | ||
| 907 |
_a.b1035766x _b06-05-15 _c05-05-15 |
||
| 003 | |||
| 005 | 20230120204154.0 | ||
| 040 | _cNUST | ||
| 942 |
_cBOOKS _kRD27.35 _mQUA. |
||
| 999 |
_c118411 _d118411 |
||